=LDR 00000nam 2200000 4500 =001 INLIS000000000047416 =005 20151107122409.0 =006 =007 =008 =020 ##$$a 979-692-940-6 =035 ##$$0010-111500000000020 =040 ##$$a ind =082 ##$$a 923.1 =090 ##$$a 923.1 $b Ari =100 ##$$a Arif =245 ##$$a Adil tanpa pandang bulu =250 ##$$a cet. I =260 ##$$a Bandung $b Remaja Rosdakarya $c 2009 =300 ##$$a vii, 200 hlm $b 20cm =850 ##$$a NBPDNMAT =990 ##$$a 0001/BPAP-NTB/2015 =990 ##$$a 1339113391 =990 ##$$a 0001/BPAP-NTB/2015 =990 ##$$a 01201713391